01352nam a2200205 a 4500008004100000020001800041041000800059092001700067100002900084245003400113250004100147260003600188300001100224500007300235505058700308655002100895942001300916999001500929952020200944180918t2011 sp |||g||||| 001 1 spa d a9789876272728 aspa c808l25sFIT1 aFitzpatrick, Becca94303 aSilencio /cBecca Fitzpatrick a1a ed.bTraducción Irene Saslavsky aBarcelona:bEdiciones B;c2011. a412 p. aFitzpatrick, B. (2011). Silencio. (1a ed.). Barcelona : Ediciones B. aLa confusión se ha disipado y ya no hay nada que perturbe la relación entre Patch y Nora. Han superado los secretos que se escondían en el oscuro pasado de Patch..., han atravesado mundo irreconciliables..., se han enfrentado a pruebas sobrecogedoras de traición, lealtad y confianza..., y todo ello por un amor que trasciende los límites entre el cielo y la tierra. Armados con la fe absoluta que tienen el uno en el otro, Patch y Nora se enfrentan ahora a un villano que pretende acabar con cuanto han luchado por conseguir de una vez y para siempre, incluido su amor.  aLiteratura92917 2ddccLIT c3249d3249 00102ddc4070aBFMbBFMcCRd2025-04-23eDonación Abril 2025. Chiara Montenegrol0o808 25 FITp5005r2025-04-23tEj.1w2025-04-23yLITzDonación Abril 2025. Chiara Montenegro. Sede Tordos.f